| 000 | 00696nam a2200217Ia 4500 | ||
|---|---|---|---|
| 008 | 191130s2006##################000#0#eng## | ||
| 020 | _a9780521717991 | ||
| 022 | _a2005032565 | ||
| 040 |
_aACL _cACL |
||
| 082 | _a420.9 HOG | ||
| 245 |
_aA history of the English language _cedited by Richard Hogg and David Denison |
||
| 260 |
_aCambridge _bCambridge University Press _c2006 |
||
| 300 | _axiii, 495 p. : ill., maps ; 26 cm | ||
| 500 | _aIncludes bibliographical references (p. 440-478) and index | ||
| 650 | _aEnglish language - History | ||
| 700 | _aDenison, David | ||
| 700 | _aHogg, Richard M | ||
| 990 | _a7228106bac10000c05484718b85c0807 | ||
| 991 | _a312819 | ||
| 999 |
_c241806 _d241806 |
||